| 000 | 00426nab a2200145Ia 4500 | ||
|---|---|---|---|
| 003 | ES-SlBCS | ||
| 005 | 20210601131728.0 | ||
| 008 | 140529s1954 xxu||||| |||| 00| 0 fre d | ||
| 041 | _afre | ||
| 100 | 1 |
_aCongar, Yves _d, 1904-1995 _9139924 |
|
| 245 | 0 | 0 |
_aJésus-Christ en France _c Yves-M. Congar |
| 600 | 0 | 4 |
_aJesucristo-Francia _9188361 |
| 773 | 0 |
_tVie Intelectuelle (La) _gnº. 2, 1954, págs. 113-130 _wRev907 |
|
| 942 | _cAR | ||
| 999 |
_c567752 _d567752 |
||